000 00292nam a22001337a 4500
008 180126b xxu||||| |||| 00| 0 eng d
020 _a9780697164018
041 _aeng
080 _a51
100 _a37
101 _aMAT
245 _aINTERMEDIATE ALGEBRA
_cDENNIS.T.CH
942 _2udc
_cBK
999 _c41043
_d41043